Statistics for 50 Largest Cities in Southeast Asia & Oceania

Click here to take the quiz!

General Stats

  • This quiz has been taken 396 times
    (252 since last reset)
  • The average score is 29 of 50

Answers on the Map

Answers color-coded by a green-red scale on the quiz's map according to % correct below.
 

Answer Stats

Pop (M)City% Correct
15.0Bangkok
99%
21.1Manila
99%
21.8Jakarta
98%
5.3Hà Noi
96%
10.9Ho Chi Minh City
96%
5.1Sydney
96%
8.6Kuala Lumpur
94%
5.2Melbourne
94%
2.1Perth
94%
6.1Singapore
94%
1.7Auckland
92%
2.5Brisbane
87%
2.3Phnom Penh
87%
1.4Adelaide
86%
5.6Yangon
86%
3.0Surabaya
79%
2.7Bandung
77%
0.7Naypyidaw
77%
1.0Cebu City
71%
0.7Vientiane
71%
1.1Denpasar
70%
2.4Medan
69%
1.5Mandalay
67%
1.9Davao City
66%
0.7Gold Coast
66%
1.2Da Nang
63%
1.7Makassar
57%
1.2Chiang Mai
50%
0.9Honolulu
50%
1.8Palembang
48%
2.0Semarang
46%
1.1Johor Bahru
45%
1.5Chon Buri
42%
1.4Hai Phòng
38%
1.7Batam
36%
1.2Bandar Lampung
29%
0.9Malang
29%
1.9Can Tho
28%
0.7Balikpapan
26%
1.1Padang
26%
1.3Pekan Baru
26%
0.7Pontianak
26%
1.0Zamboanga
24%
0.8Banjarmasin
23%
0.9Ipoh
23%
1.1Samarinda
22%
0.8Cagayan de Oro
21%
0.8Nakhon Ratchasima
16%
1.2Tasikmalaya
16%
1.0Songkhla
15%

Score Distribution

Percentile by Number Answered

Percent of People with Each Score

Your Score History

You have not taken this quiz since the last reset